000 00425nam a22001577a 4500
005 20251108171038.0
008 250721s1983 xx 000 0 ara d
082 1 4 _a923.1/بكر
100 1 _aالمجذوب، محمد
245 1 0 _aمشاهد من حياة الصديق /
264 1 _aتونس :
_bدار بو سلامه،
_c1983.
300 _a117ص
650 1 7 _aالتراجم
942 _2ddc
_cBK
999 _c55210
_d55210